Kenya's 2013 Elections : An Effective Assistance Model.

Bibliographic Details
Corporate Author: United States. Congress. House. Committee on Foreign Affairs. Subcommittee on Africa, Global Health, Global Human Rights, and International Organizations
Format: Government Document eBook
Language:English
Published: Bethesda, Md. : ProQuest, 2013.
Subjects:
Online Access:Electronic resource (PDF)

MARC

Tag First Indicator Second Indicator Subfields
LEADER 00000cam a22000001a 4500
001 in00004156607
005 20200117093512.0
006 m d f
007 cr bn mmmapmmp
008 140912s2013 mdu o f000 0 eng d
035 |a chdc20130418 
040 |a UMI  |c UMI  |d UtOrBLW 
043 |a f-ke--- 
086 0 |a Y 4.F 76/1:113-73 
110 1 |a United States.  |b Congress.  |b House.  |b Committee on Foreign Affairs.  |b Subcommittee on Africa, Global Health, Global Human Rights, and International Organizations.  |0 http://id.loc.gov/authorities/names/no2013078745 
245 1 0 |a Kenya's 2013 Elections :  |b An Effective Assistance Model. 
264 1 |a Bethesda, Md. :  |b ProQuest,  |c 2013. 
300 |a 64 pages, digital, PDF file. 
336 |a text  |b txt  |2 rdacontent 
337 |a computer  |b c  |2 rdamedia 
338 |a online resource  |b cr  |2 rdacarrier 
500 |a Record is based on bibliographic data in ProQuest U.S. Congressional Hearings Digital Collection. Reuse except for individual research requires license from ProQuest, LLC. 
500 |a Electronic resource. 
533 |a Electronic reproduction.  |b [Bethesda, Md.] :  |c ProQuest,  |d 2013.  |e digital, PDF file.  |n ProQuest Congressional Hearings Digital Collection.  |n Mode of access: World Wide Web via ProQuest website. 
538 |a System requirements: PDF reader software. 
650 0 |a Elections.  |0 http://id.loc.gov/authorities/subjects/sh85041557 
651 0 |a Kenya.  |0 http://id.loc.gov/authorities/names/n80061011 
776 0 8 |i Microfiche version:  |a United States. Congress. House. Committee on Foreign Affairs. Subcommittee on Africa, Global Health, Global Human Rights, and International Organizations  |t Kenya's 2013 Elections:  |o CIS 2013 H381-87  |w cis201300844 
856 4 0 |u http://proxy.library.tamu.edu/login?url=http://search.proquest.com/congcomp/getdoc?HEARING-ID=HRG-2013-FOA-0072  |y Electronic resource (PDF)  |z CIS 2013-H381-87  |t 0 
998 |a cis201300844 
999 f f |s 9651d4af-9636-3711-b758-2ffbfbc99199  |i 16251c80-8e8d-347e-8946-6e3a0df63f80  |t 0 
952 f f |a Texas A&M University  |b College Station  |c Electronic Resources  |d Available Online  |t 0  |e Y 4.F 76/1:113-73  |h Superintendent of Documents classification 
998 f f |a Y 4.F 76/1:113-73  |t 0  |l Available Online